Технология карьеры, или Как мы много знаем и мало понимаем...

Detalles Bibliográficos
Autor principal: Сивец С. Д. Светлана Диссоновна
Sumario:Карьеру может сделать любой человек. Не верите? Убедитесь сами. Вам поможет в этом уникальная методика автора книги - директора Института управления и подготовки персонала «Соинформ». Методика применения теории позиционного управления для развития карьеры позволяет сделать успешный прогноз развития взаимоотношений между сотрудниками, коллегами и конкурентами, которые строят карьеру рядом с вами, избежать запрограммированных неудач и управлять развитием конфликтных ситуаций. Методика представлялась автором на различных конкурсах и неоднократно становилась лауреатом международных премий. Если вы — профессиональный карьерист, пришедший в новый коллектив с планами успешного личностного роста, не желающий тратить время и силы на борьбу с нерадивым начальником, конкурентами и сложившимися обстоятельствами, то эта книга для вас.
Lenguaje:ruso
Publicado: Москва, Вершина, 2006
Materias:
Formato: MixedMaterials Libro
KOHA link:https://koha.lib.tpu.ru/cgi-bin/koha/opac-detail.pl?biblionumber=130098

MARC

LEADER 00000nam0a2200000 4500
001 130098
005 20231101220223.0
010 |a 5962602765 
035 |a (RuTPU)RU\TPU\book\140899 
090 |a 130098 
100 |a 20080131d2006 m y0rusy50 ca 
101 0 |a rus 
102 |a RU 
105 |a a z 000zy 
200 1 |a Технология карьеры, или Как мы много знаем и мало понимаем...  |f С. Д. Сивец 
210 |a Москва  |a СПб.  |c Вершина  |d 2006 
215 |a 224 с.  |c ил. 
330 |a Карьеру может сделать любой человек. Не верите? Убедитесь сами. Вам поможет в этом уникальная методика автора книги - директора Института управления и подготовки персонала «Соинформ». Методика применения теории позиционного управления для развития карьеры позволяет сделать успешный прогноз развития взаимоотношений между сотрудниками, коллегами и конкурентами, которые строят карьеру рядом с вами, избежать запрограммированных неудач и управлять развитием конфликтных ситуаций. Методика представлялась автором на различных конкурсах и неоднократно становилась лауреатом международных премий. Если вы — профессиональный карьерист, пришедший в новый коллектив с планами успешного личностного роста, не желающий тратить время и силы на борьбу с нерадивым начальником, конкурентами и сложившимися обстоятельствами, то эта книга для вас. 
606 |a Персонал  |x Управление  |2 stltpush  |3 (RuTPU)RU\TPU\subj\36605  |9 57925 
610 1 |a экономика 
610 1 |a труд 
610 1 |a кадры 
610 1 |a управление 
610 1 |a карьера 
686 |a У9(2)240  |v LBC/SL-A  |2 rubbk 
700 1 |a Сивец  |b С. Д.  |g Светлана Диссоновна 
801 1 |a RU  |b 63413507  |c 20080131  |g PSBO 
801 2 |a RU  |b 63413507  |c 20190215  |g PSBO 
942 |c BK